书目信息 |
| 题名: |
管道施工技术
|
|
| 作者: | 杜伟国 编著 | |
| 分册: | ||
| 出版信息: | 上海 上海科学技术出版社 2001.6 |
|
| 页数: | 288页 | |
| 开本: | 26cm | |
| 丛书名: | ||
| 单 册: | ||
| 中图分类: | TU , TU990.3 | |
| 科图分类: | ||
| 主题词: | 管道--市政工程 , 管线测量--市政工程 | |
| 电子资源: | ||
| ISBN: | 7-5323-5840-2 | |
| 000 | 00610nam0 2200217 45 | |
| 001 | 0338898479 | |
| 005 | 2003032510481680 | |
| 010 | @a7-5323-5840-2@d31.00CNY | |
| 100 | @a20030325d2001 km y0chiy0120 ea | |
| 101 | 0 | @achi |
| 102 | @aCN@b310000 | |
| 200 | 1 | @a管道施工技术@Aguan dao shi gong ji shu@f杜伟国编著@Fdu wei guo bian zhu |
| 210 | @a上海@c上海科学技术出版社@d2001.6 | |
| 215 | @a288页@d26cm | |
| 606 | 0 | @a管道@x市政工程 |
| 606 | 0 | @a管线测量@x市政工程 |
| 690 | @aTU@v3 | |
| 690 | @aTU990.3@v4 | |
| 701 | 0 | @a杜伟国@Adu wei guo@4编著 |
| 801 | 0 | @aCN@bPFT@c20030325 |
| 905 | @a10447@dTU990.3@eD862 | |
| 管道施工技术/杜伟国编著.-上海:上海科学技术出版社,2001.6 |
| 288页;26cm |
| ISBN 7-5323-5840-2:31.00CNY |
| ● |
| 相关链接 |
|
|
|
正题名:管道施工技术
索取号:TU990.3/D862
 
预约/预借
| 序号 | 登录号 | 条形码 | 馆藏地/架位号 | 状态 | 备注 |
| 1 | 367255 | 203672551 | 建筑库201/ [索取号:TU990.3/D862] | 在馆 | |
| 2 | 367256 | 203672560 | 建筑库201/201建筑库 125排2列3层/ [索取号:TU990.3/D862] | 在馆 |